Studies of South India : (Record no. 20800)

MARC details
000 -LEADER
fixed length control field 01190nam a2200301 a 4500
001 - CONTROL NUMBER
control field 530310
003 - CONTROL NUMBER IDENTIFIER
control field BDDh-ASL
005 - DATE AND TIME OF LATEST TRANSACTION
control field 20231015025934.0
008 - FIXED-LENGTH DATA ELEMENTS--GENERAL INFORMATION
fixed length control field 860620s1985 ii abf b 101 0 eng
010 ## - LIBRARY OF CONGRESS CONTROL NUMBER
LC control number 86901068
020 ## - INTERNATIONAL STANDARD BOOK NUMBER
Terms of availability Rs150.00
025 ## - OVERSEAS ACQUISITION NUMBER
Overseas acquisition number I E 52076
040 ## - CATALOGING SOURCE
Original cataloging agency DLC
Transcribing agency DLC
Modifying agency DLC
-- BDDh-ASL
043 ## - GEOGRAPHIC AREA CODE
Geographic area code a-ii---
050 00 - LIBRARY OF CONGRESS CALL NUMBER
Classification number DS484
Item number .S76 1985
082 00 - DEWEY DECIMAL CLASSIFICATION NUMBER
Classification number 954.8
Edition number 19
Item number STU
245 00 - TITLE STATEMENT
Title Studies of South India :
Remainder of title an anthology of recent research and scholarship /
Statement of responsibility, etc. edited by Robert E. Frykenberg and Pauline Kolenda.
260 ## - PUBLICATION, DISTRIBUTION, ETC.
Place of publication, distribution, etc. Madras :
Name of publisher, distributor, etc. New Era Publications ;
Place of publication, distribution, etc. New Delhi :
Name of publisher, distributor, etc. American Institute of Indian Studies,
Date of publication, distribution, etc. 1985.
300 ## - PHYSICAL DESCRIPTION
Extent xii, 464 p., [8] p. of plates :
Other physical details ill., maps ;
Dimensions 23 cm.
504 ## - BIBLIOGRAPHY, ETC. NOTE
Bibliography, etc. note Includes bibliographies and index.
520 ## - SUMMARY, ETC.
Summary, etc. Papers orginally presented at the Second South India Conference, organized by the Society for South India Studies, held at the University of Wisconsin, Madison, 1983.
651 #0 - SUBJECT ADDED ENTRY--GEOGRAPHIC NAME
Geographic name India, South
General subdivision Congresses.
700 1# - ADDED ENTRY--PERSONAL NAME
Personal name Frykenberg, Robert Eric.
700 1# - ADDED ENTRY--PERSONAL NAME
Personal name Kolenda, Pauline.
710 2# - ADDED ENTRY--CORPORATE NAME
Corporate name or jurisdiction name as entry element Society for South India Studies.
906 ## - LOCAL DATA ELEMENT F, LDF (RLIN)
a 7
b cbc
c orignew
d 3
e ncip
f 19
g y-gencatlg
942 ## - ADDED ENTRY ELEMENTS (KOHA)
Source of classification or shelving scheme Dewey Decimal Classification
Koha item type Books
Holdings
Withdrawn status Lost status Source of classification or shelving scheme Damaged status Not for loan Collection code Home library Current library Shelving location Date acquired Source of acquisition Total Checkouts Full call number Barcode Date last seen Copy number Price effective from Koha item type Public note
    Dewey Decimal Classification   Not For Loan Non-fiction Asiatic Society Library Asiatic Society Library Ludden Collection 01/14/2021 Donated by Prof. David Ludden   954.8 STU 104300 01/14/2021 C-1 01/14/2021 Books RARE

Powered by Koha